| 000 | 01584cam a22003977a 4500 | ||
|---|---|---|---|
| 003 | CHAP | ||
| 005 | 20220329142823.0 | ||
| 008 | 040430ds003 mx abd r 00010 spa d | ||
| 010 | _a88264 | ||
| 011 | _a89236 | ||
| 035 | _a99787 | ||
| 040 | _cCHAP | ||
| 090 | _aTesis | ||
| 100 | 0 | 0 |
_aHernández Pacheco, Roberto Carlos. _954433 |
| 245 | 1 | 0 |
_aAprovechamiento de iguana negra (Ctenosaura pectinata) en la Unidad de Manejo para la Conservación de Vida Silvestre El Gran Saurio de Axochiapan, Morelos _c/por Roberto Carlos Hernández Pacheco |
| 260 |
_aChapingo, Méx. : _bEl autor, _c2003 |
||
| 300 |
_a127 h. : _bilus. ; mapas ; cuadros ; organigrama ; tabla |
||
| 502 | _aTesis (Ing. en Agroecología) -- UACH. Departamento de Agroecología | ||
| 530 | _aTambién disponible en línea | ||
| 590 |
_aALEPH _b10 _c20130110 _lUCH01 _h1457 |
||
| 590 |
_aBATCH-UPD _b10 _c20130110 _lUCH01 _h0454 |
||
| 590 |
_aBATCH-UPD _b10 _c20130410 _lUCH01 _h0132 |
||
| 590 |
_aBATCH-UPD _b10 _c20130914 _lUCH01 _h1610 |
||
| 590 |
_aBATCH-UPD _b10 _c20140324 _lUCH01 _h1443 |
||
| 590 |
_aBATCH-UPD _b10 _c20141002 _lUCH01 _h0821 |
||
| 590 |
_aCONVERSION _b10 _c20130109 _lUCH01 _h1349 |
||
| 650 | 1 | 4 |
_aIguanas _xCría de. _957363 |
| 650 | 1 | 4 |
_aIncubación. _957534 |
| 650 | 1 | 4 |
_aReptiles _xMorelos. _996043 |
| 856 |
_3Finding aid _uhttp://10.13.5.2/tesis/99787.pdf _zTeclea aqui |
||
| 901 | _aBK | ||
| 905 | _aMarco A. Mendoza T. | ||
| 942 | _cFOLL | ||
| 949 |
_aTesis _bBC _cTES _d33724000909610 _eTS2 _fc.2 _gDonaciØn _h41744 _i99787 _si |
||
| 949 |
_aTesis _bBC _cTES _d997871 _eTS1 _gDonaciØn _h41743 _i99787 _sb |
||
| 999 |
_c88264 _d88264 |
||